[Event "HUN-chT2 Erkel 1516"]
[Site "Hungary"]
[Date "2016.03.20"]
[Round "9.12"]
[White "Kovacs, Judit"]
[Black "Csik, Martin"]
[Result "1-0"]
[WhiteElo "2108"]
[BlackElo "1483"]
[PlyCount "49"]
[EventDate "2015.09.13"]
[EventType "team-tourn"]
[EventRounds "11"]
[EventCountry "HUN"]
[SourceTitle "EXT 2017"]
[Source "ChessBase"]
[SourceDate "2016.10.25"]
[SourceVersion "1"]
[SourceVersionDate "2016.10.25"]
[SourceQuality "1"]
[WhiteTeam "HASE"]
[BlackTeam "Jaszbereny"]
[WhiteTeamCountry "HUN"]
[BlackTeamCountry "HUN"]

1. Nf3 e6 2. c4 Nf6 3. g3 Be7 4. Bg2 0-0 5. 0-0 c5 6. d4 d5 7. cxd5 exd5 8. Nc3 Be6 9. Bg5 Nbd7 10. dxc5 Bxc5 11. Nd4 Nb6 12. Rc1 Be7 13. Nxe6 fxe6 14. Nb5 Ne8 15. Bf4 Bd6 16. Bxd6 Nxd6 17. Nc7 Rc8 18. Nxe6 Rxc1 19. Qxc1 Qc8 20. Nxf8 Qxc1 21. Rxc1 Kxf8 22. Bxd5 Nxd5 23. Rd1 Nc4 24. Rxd5 Nxb2 25. Rb5 1-0